42 Dugg Charting Songs (Billboard Hot 100) - Statistics

General Stats
  • This quiz has been taken 52 times
    25 since last reset
  • The average score is 5 of 9
Answer Stats
Album Weeks On Peak Artist(s) Song % Correct
My Turn (Deluxe Edition) 22 Weeks #10 Lil Baby & 42 Dugg We Paid
91%
Free Dem Boyz 14 Weeks #67 42 Dugg & Roddy Ricch 4 Da Gang
68%
My Turn 15 Weeks #48 Lil Baby & 42 Dugg Grace
68%
Call Me If You Get Lost 1 Week #42 Tyler, The Creator ft. 42 Dugg LEMONHEAD
68%
Free Dem Boyz 9 Weeks #68 42 Dugg ft. Future Maybach
45%
Lamborghini Boys 3 Weeks #52 Lil Baby, 42 Dugg & Veeze U-Digg
41%
Faith 1 Week #54 Pop Smoke ft. 21 Savage & 42 Dugg Bout a Million
36%
Bigger Than Life or Death 2 Weeks #92 EST Gee ft. Lil Baby, 42 Dugg & Rylo Rodriguez 5500 Degrees
32%
Last Ones Left 1 Week #79 EST Gee & 42 Dugg Thump Shit
32%
No matching quizzes found
Score Distribution
Percent of People with Each Score
Percentile by Number Answered
Your Score History
You have not taken this quiz since the last reset